000 00467nam a2200157Ia 4500
008 200903s9999 xx 000 0 und d
020 _a978-981-48-3940-2
100 _aEvans, James R.
245 _cJames R. Evans
_aQuality and performance excellence/
250 _a8th ed.
260 _aSingapore:
_bCengage Learning Asia Pte Ltd.
_c2019
300 _axv, 470 pages
_c23 cm.
500 _aIncludes index
650 _aEconomic history
650 _aEconomic policy
999 _c364048
_d364048